| 000 | 00655cam a22002051 4500 | ||
|---|---|---|---|
| 001 | sa 64008220 | ||
| 003 | DLC | ||
| 005 | 20260227112053.0 | ||
| 008 | 850422s1962 io f000 0 ind | ||
| 010 | _asa 64008220 | ||
| 035 | _a(OCoLC)11949529 | ||
| 040 |
_aDLC _cIDeKN _dDLC |
||
| 042 | _apremarc | ||
| 050 | 0 | 0 |
_aDS644.2 1962 _b.S937 |
| 100 | 0 |
_aSoekarno, _d1901-1970. |
|
| 245 | 1 | 0 |
_aKerdjakanlah kewadjibanmu : _bamanat pada malam peringatan Mir̓adj Nabi Muhammad s.a.w. di Istana Negara Djakarta tanggal 2 Djanuari 1962. |
| 260 |
_aDjakarta : _bDepartemen Penerangan, _c1962. |
||
| 300 |
_a20 p. ; _c21 cm. |
||
| 440 | 0 |
_aPenerbitan chusus; _v195 |
|
| 999 |
_c60756 _d60756 |
||